Euromoney guide to the japanese capital markets
Salvato in:
| Natura: | Libro |
|---|---|
| Lingua: | Undetermined |
| Pubblicazione: |
Tokyo
The Japanese Capital Markets
1987
|
| Soggetti: | |
| Tags: |
Aggiungi Tag
Nessun Tag, puoi essere il primo ad aggiungerne! !
|
| Thư viện lưu trữ: | Trung tâm Học liệu Trường Đại học Cần Thơ |
|---|
| LEADER | 00432nam a2200157Ia 4500 | ||
|---|---|---|---|
| 001 | CTU_79896 | ||
| 008 | 210402s9999 xx 000 0 und d | ||
| 082 | |a 380.1 | ||
| 082 | |b E89 | ||
| 245 | 0 | |a Euromoney guide to the japanese capital markets | |
| 260 | |a Tokyo | ||
| 260 | |b The Japanese Capital Markets | ||
| 260 | |c 1987 | ||
| 650 | |a Markets | ||
| 904 | |i Trọng Hải | ||
| 980 | |a Trung tâm Học liệu Trường Đại học Cần Thơ | ||